[Event "Mallorca Masters Marzo 2013"]
[Site "Palma de Mallorca ESP"]
[Date "2013.03.20"]
[Round "5.2"]
[White "Arribas Lopez, Angel"]
[Black "Janev, Tihomir"]
[Result "1/2-1/2"]
[WhiteElo "2478"]
[BlackElo "2429"]
[PlyCount "79"]
[EventDate "2013.03.17"]
[EventType "tourn"]
[EventRounds "9"]
[EventCountry "ESP"]
[EventCategory "8"]
[Source "lmi"]
[SourceDate "2013.03.17"]

1. e4 Nf6 2. e5 Nd5 3. d4 d6 4. Nf3 dxe5 5. Nxe5 c6 6. Bc4 Nd7 7. O-O Nxe5 8.
dxe5 Bf5 9. Bb3 e6 10. Qe2 Qh4 11. Qf3 Bc5 12. a3 O-O 13. Qg3 Qxg3 14. hxg3 a5
15. a4 h6 16. Na3 Rfd8 17. c3 Nb6 18. Re1 Rd7 19. Nc2 Nc4 20. g4 Nd2 21. Bxd2
Bxc2 22. Be3 Bxb3 23. Bxc5 Rd2 24. Reb1 Rd5 25. Bd6 b5 26. axb5 cxb5 27. Re1
Rd2 28. Ba3 Rc8 29. Re4 Bd5 30. Rf4 g5 31. Rf6 Rc4 32. f3 b4 33. Bxb4 axb4 34.
Ra7 Rf4 35. Rxh6 b3 36. Rd7 Rd1+ 37. Kh2 Bxf3 38. Rc7 Rd2 39. Rc8+ Kg7 40. Rhh8
1/2-1/2

[Event "Mallorca Masters Marzo 2013"]
[Site "Palma de Mallorca ESP"]
[Date "2013.03.20"]
[Round "5.3"]
[White "Mikkelsen, Nikolaj"]
[Black "Rodriguez Lopez, Rafael"]
[Result "1-0"]
[WhiteElo "2410"]
[BlackElo "2229"]
[PlyCount "61"]
[EventDate "2013.03.17"]
[EventType "tourn"]
[EventRounds "9"]
[EventCountry "ESP"]
[EventCategory "8"]
[Source "lmi"]
[SourceDate "2013.03.17"]

1. e4 c5 2. Nf3 Nc6 3. Bb5 Nf6 4. e5 Nd5 5. Nc3 Nc7 6. Bxc6 dxc6 7. h3 Nb5 8.
Ne4 Qd5 9. d3 c4 10. Ned2 c3 11. Nc4 cxb2 12. Bxb2 c5 13. Ne3 Qd7 14. c4 Nc7
15. d4 cxd4 16. Nxd4 e6 17. O-O Bc5 18. Qg4 O-O 19. Rad1 Qa4 20. Rd3 Bd7 21.
Qh4 Rfd8 22. Ng4 Ne8 23. Nf3 h6 24. Rfd1 Bf8 25. Bc1 Rac8 26. Bg5 hxg5 27. Nxg5
Bc5 28. Nf6+ gxf6 29. exf6 Bxf2+ 30. Kxf2 Qc2+ 31. Kg1 1-0

[Event "Mallorca Masters Marzo 2013"]
[Site "Palma de Mallorca ESP"]
[Date "2013.03.20"]
[Round "5.4"]
[White "Glud, Jakob Vang"]
[Black "Plaskett, H James"]
[Result "1-0"]
[WhiteElo "2514"]
[BlackElo "2516"]
[PlyCount "61"]
[EventDate "2013.03.17"]
[EventType "tourn"]
[EventRounds "9"]
[EventCountry "ESP"]
[EventCategory "8"]
[Source "lmi"]
[SourceDate "2013.03.17"]

1. c4 b6 2. g3 Bb7 3. Nf3 Bxf3 4. exf3 c5 5. d4 Nc6 6. d5 Nd4 7. Nc3 g6 8. Bg2
d6 9. O-O Bg7 10. Re1 Nf6 11. Ne2 Nxe2+ 12. Qxe2 a6 13. f4 Qd7 14. Bh3 Qb7 15.
a4 Ra7 16. Ra3 O-O 17. Rb3 Rb8 18. g4 b5 19. g5 Ne8 20. f5 Be5 21. f4 Bd4+ 22.
Kh1 Ng7 23. fxg6 hxg6 24. axb5 axb5 25. f5 gxf5 26. Rf1 Qd7 27. Rg3 Ra1 28. g6
f6 29. Qd2 e6 30. Qh6 Nh5 31. Qxh5 1-0

[Event "Mallorca Masters Marzo 2013"]
[Site "Palma de Mallorca ESP"]
[Date "2013.03.20"]
[Round "5.5"]
[White "Bujisho, Benjamin"]
[Black "Kunin, Vitaly"]
[Result "1/2-1/2"]
[WhiteElo "2372"]
[BlackElo "2527"]
[PlyCount "45"]
[EventDate "2013.03.17"]
[EventType "tourn"]
[EventRounds "9"]
[EventCountry "ESP"]
[EventCategory "8"]
[Source "lmi"]
[SourceDate "2013.03.17"]

1. e4 c5 2. Nf3 e6 3. d4 cxd4 4. Nxd4 Nc6 5. Nc3 Qc7 6. Be3 a6 7. Bd3 b5 8.
Nxc6 Qxc6 9. e5 Bb4 10. O-O Bxc3 11. bxc3 Bb7 12. Qg4 Ne7 13. Bd4 O-O 14. Rfe1
Nf5 15. Be4 Qc7 16. Bxf5 exf5 17. Qxf5 Qc6 18. f3 Qe6 19. Qxe6 dxe6 20. c4 Rfd8
21. c3 bxc4 22. Rab1 Bd5 23. Rb6 1/2-1/2